00430nam a2200181Ia 4500003000400000005001700004008004100021020002200062040000700084041000800091082001900099100001900118245003400137260002800171300001700199365001700216650001500233OSt20230413105430.0210423s2016 xx 000 0 und d a978-0-415-74710-3 cAL aeng a801 223bKUSL aKUSCH (Celena) aLiterary analysis: the basics aLondonbRoutledgec2016 aviii,150bPB b1928.09cUSD aLiterature